The satan seller. (Record no. 16261)

000 -LEADER
fixed length control field 00491nam a2200169 a 4500
001 - CONTROL NUMBER
control field :::00019104$&:&@@
003 - CONTROL NUMBER IDENTIFIER
control field OkBaRHE
005 - DATE AND TIME OF LATEST TRANSACTION
control field 20100331133026.0
008 - FIXED-LENGTH DATA ELEMENTS--GENERAL INFORMATION
fixed length control field s1972 j 000 0 eng u
040 ## - CATALOGING SOURCE
Transcribing agency
100 1# - MAIN ENTRY--PERSONAL NAME
Personal name Warnke, Mike
245 14 - TITLE STATEMENT
Title The satan seller.
260 ## - PUBLICATION, DISTRIBUTION, ETC. (IMPRINT)
Place of publication, distribution, etc Plainfield, New Jersey
Name of publisher, distributor, etc Logos International
Date of publication, distribution, etc 1972
300 ## - PHYSICAL DESCRIPTION
Extent 214 p.
942 ## - ADDED ENTRY ELEMENTS (KOHA)
Source of classification or shelving scheme
Koha item type Books
Copies
Date acquired Date last seen Withdrawn status Source of classification or shelving scheme Full call number Copy number Not for loan Koha item type Shelving location Price effective from Barcode Damaged status Permanent Location Lost status
2010-04-142010-04-14  BV 4935 .W34 A31 BooksGeneral Stacks2010-04-1419104 RHEMA Bible Training College